| 000 | 00488pab a2200169 454500 | ||
|---|---|---|---|
| 008 | 180718b2013 xxu||||| |||| 00| 0 eng d | ||
| 100 | _aKilschelt, Herbert | ||
| 245 | _aEconomics development, democratic experience, and political parties, linkage strategies | ||
| 260 | _c2013 | ||
| 300 | _ap.1453-1484. | ||
| 362 | _aNov | ||
| 650 | _aEconomic and social development | ||
| 700 | _aKselman, Daniel M. | ||
| 773 | _aComparative Political Studies | ||
| 908 | _aN | ||
| 909 | _a103126 | ||
| 999 |
_c103123 _d103123 |
||